|
|
|
|
| LEADER |
01478nam a2200385 i 4500 |
| 001 |
EBC6481851 |
| 003 |
MiAaPQ |
| 005 |
20210406093907.0 |
| 006 |
m o d | |
| 007 |
cr cnu|||||||| |
| 008 |
210406s2016 enk o 000 0 eng d |
| 020 |
|
|
|z 9789004369955
|
| 020 |
|
|
|a 9781848884038 (e-book)
|
| 035 |
|
|
|a (MiAaPQ)EBC6481851
|
| 035 |
|
|
|a (Au-PeEL)EBL6481851
|
| 035 |
|
|
|a (OCoLC)1239983381
|
| 040 |
|
|
|a MiAaPQ
|b eng
|e rda
|e pn
|c MiAaPQ
|d MiAaPQ
|
| 050 |
|
4 |
|a HB615
|b .D537 2016
|
| 082 |
0 |
|
|a 658.421
|2 23
|
| 245 |
0 |
0 |
|a Diaspora business /
|c edited by Maria Elo and Liesl Riddle.
|
| 264 |
|
1 |
|a Oxford, United Kingdom :
|b Inter-Disciplinary Press,
|c [2016]
|
| 264 |
|
4 |
|c 2016
|
| 300 |
|
|
|a 1 online resource (177 pages)
|
| 336 |
|
|
|a text
|b txt
|2 rdacontent
|
| 337 |
|
|
|a computer
|b c
|2 rdamedia
|
| 338 |
|
|
|a online resource
|b cr
|2 rdacarrier
|
| 588 |
|
|
|a Description based on print version record.
|
| 590 |
|
|
|a Electronic reproduction. Ann Arbor, MI : ProQuest, 2018. Available via World Wide Web. Access may be limited to ProQuest affiliated libraries.
|
| 650 |
|
0 |
|a Entrepreneurship.
|
| 655 |
|
4 |
|a Electronic books.
|
| 700 |
1 |
|
|a Elo, Maria,
|e editor.
|
| 700 |
1 |
|
|a Riddle, Liesl,
|e editor.
|
| 776 |
0 |
8 |
|i Print version:
|t Diaspora business.
|d Oxford, United Kingdom : Inter-Disciplinary Press, c2016
|h 177 pages
|z 9789004369955
|
| 797 |
2 |
|
|a ProQuest (Firm)
|
| 856 |
4 |
0 |
|u https://ebookcentral.proquest.com/lib/matrademy/detail.action?docID=6481851
|z Click to View
|